| 000 | 00618nam a2200217Ia 4500 | ||
|---|---|---|---|
| 005 | 20250508164545.0 | ||
| 008 | 008 250505s9999 xx 000 0 eng d | ||
| 037 | _aTextual | ||
| 040 |
_aFEDL _beng _cFEDL |
||
| 041 |
_aeng _2eng |
||
| 084 |
_a371.146, BIO _qFEDL |
||
| 100 |
_aBiott Colin Ed. _9778445 |
||
| 245 | 0 | _aWorking and learning together for change | |
| 260 |
_aBuckingham, UK _bOpen University Press _c1992 |
||
| 300 | _axxi,154p. | ||
| 365 |
_aGBP _b12.99 |
||
| 546 | _aMACESE | ||
| 700 |
_a Nias Jennifer Ed. _9778446 |
||
| 942 |
_cTEXL _h371.146, BIO |
||
| 999 |
_c1389782 _d1389782 |
||